| 000 | 00972nmm a2200277 a 4500 | ||
|---|---|---|---|
| 001 | ocm000714346 | ||
| 003 | TR-IsHL | ||
| 005 | 20201028152401.0 | ||
| 008 | 150709s2005 tu tur | ||
| 007 | cr cn | ||
| 020 | _a9789756145371 | ||
| 035 |
_a714346 _b(N$T) |
||
| 050 | 0 | 4 |
_aKKX920.E37 _bK36 2005 |
| 090 | 0 | 4 |
_aKKX920.E37 _bK36 2005 |
| 100 | 1 | _aEkşi, Nuray | |
| 245 | 1 | 0 |
_aKambiyo mevzuatında ithalat ihracat hesapları ve bu hesapların kapatılmamasına ilişkin suçlar _h[electronic resource] / _cNuray Ekşi |
| 250 | _a1. bs. | ||
| 260 |
_aİstanbul : _bArıkan Basım Yayım Dağıtım, _c2005 |
||
| 300 | _a290 p. | ||
| 650 | 4 | _aHukuk | |
| 650 | 4 | _aLaw | |
| 650 | 0 |
_aDöviz _x Hukuk ve mevzuat _x Türkiye |
|
| 650 | 0 |
_aForeign exchange _x Law and legislation _x Turkey |
|
| 650 | 7 |
_aBUSINESS & ECONOMICS / Foreign Exchange _2bisacsh |
|
| 856 | 4 | 0 | _uhttp://search.ebscohost.com/login.aspx?direct=true&scope=site&db=e011xww&AN=714346 |
| 999 |
_c11499 _d11499 |
||